| 000 | 01013nam a22002657a 4500 | ||
|---|---|---|---|
| 003 | BD-DhSAU | ||
| 005 | 20181217145144.0 | ||
| 008 | 160720b2014 bg ||||| |||| 001 0 eng d | ||
| 040 | _aBD-DhSAU | ||
| 082 |
_222 _a595.7 _bSa192 |
||
| 100 |
_a Saha, Swakkor _eRegistration no. # 13-05788 |
||
| 245 |
_aStudy on the biology of mealybug infesting brinjal and its chemical control / _bMS thesis |
||
| 260 |
_aSher-e-Bangla Agricultural Uniersity : _bDepartment of Entomology, _c2014 |
||
| 300 |
_aviii, 52 p. : _bill. ; _c30 cm. |
||
| 500 | _aMS thesis of Department of Entomology, Faculty of Agriculture, Sher-e-Bangla Agricultural University, Dhaka, Bangladesh | ||
| 590 | _aMd. Sirajul Islam | ||
| 650 | _aEntomology | ||
| 650 | _aBiology | ||
| 650 | _aBrinjal | ||
| 650 | _aChemical | ||
| 700 |
_aAli, Mohammed _eSuperviser |
||
| 700 |
_aRahman, S.M. Mizanur _eCo-superviser |
||
| 856 |
_uhttp://archive.saulibrary.edu.bd:8080/xmlui/handle/123456789/1498 _yOnline Access |
||
| 942 |
_2ddc _cTHESIS |
||
| 999 |
_c13455 _d13454 |
||